000 004250000a22001690004500
003 MACL
005 20160106165946.0
008 160106b xxu||||| |||| 00| 0 eng d
040 _aMACL
_cMACL
041 _aEnglish
082 _a823/MAU
100 _aMaugham, W. Somerset
_928352
245 _aThe Moon and Sixpence
260 _bWilliam Heinemann Ltd.
_c1919
_aBritain
650 _aNovel
_9153
942 _cBK
_k823/MAU
_2ddc
999 _c38997
_d38997